Κατάλογος Βιβλιοθηκών Mediterranean College

Modern Technical Writing / Third Edition (Record no. 4012)

MARC details
000 -LEADER
fixed length control field 01458cam a22002174a 4500
005 - ΗΜΕΡΟΜΗΝΙΑ ΚΑΙ ΩΡΑ ΤΕΛΕΥΤΑΙΑΣ ΕΝΗΜΕΡΩΣΗΣ
Πεδίο ελέγχου 20250605164134.0
008 - FIXED-LENGTH DATA ELEMENTS--GENERAL INFORMATION
Πεδίο ελέγχου σταθερού μήκους 250528s ||||||||||||||||||||||||d
035 ## - SYSTEM CONTROL NUMBER
System control number 18667
020 ## - ISBN
ISBN 135987636
040 ## - ΠΗΓΗ ΚΑΤΑΛΟΓΟΓΡΑΦΗΣΗΣ
Φορέας πρωτότυπης καταλογογράφησης MC Athens Campus Library
Γλώσσα καταλογογράφησης Ελληνικά, Μοντέρνα (1453-)
Modifying agency MC Athens Campus Library
Κανόνες περιγραφικής καταλογογράφησης AACR2
245 1# - ΤΙΤΛΟΣ ΚΑΙ ΔΗΛΩΣΗ ΥΠΕΥΘΥΝΟΤΗΤΑΣ
Τίτλος Modern Technical Writing / Third Edition
260 ## - PUBLICATION, DISTRIBUTION, ETC.
Name of publisher, distributor, etc. Prentice Hall,
Date of publication, distribution, etc. 1975
300 ## - PHYSICAL DESCRIPTION
Extent 482
505 0# - FORMATTED CONTENTS NOTE
Formatted contents note Preface, Technical Writing in General, Introduction, Effective Style, Organization, Mechanics, Special Problems, Tables and Figures, Reports and Proposals and Oral Presentation, Special Elements in Reports, Procedure in Writing a Report, Formal and Semiformal Reports, Proposals, Oral Presentation of Technical Information, Business Correspondence, The Substance of Letters, Special Types of Letters, Letters Concerning Employment, Handbook of Fundamentals, Index.
520 ## - SUMMARY, ETC.
Summary, etc. Preface, Technical Writing in General, Introduction, Effective Style, Organization, Mechanics, Special Problems, Tables and Figures, Reports and Proposals and Oral Presentation, Special Elements in Reports, Procedure in Writing a Report, Formal and Semiformal Reports, Proposals, Oral Presentation of Technical Information, Business Correspondence, The Substance of Letters, Special Types of Letters, Letters Concerning Employment, Handbook of Fundamentals, Index.
700 1# - ΠΡΟΣΘΕΤΗ ΑΝΑΓΡΑΦΗ--ΦΥΣΙΚΟ ΠΡΟΣΩΠΟ
Personal name Johnson Simon S
9 (RLIN) 4936
700 1# - ΠΡΟΣΘΕΤΗ ΑΝΑΓΡΑΦΗ--ΦΥΣΙΚΟ ΠΡΟΣΩΠΟ
Personal name Sherman Theodore A
9 (RLIN) 4937
942 ## - ADDED ENTRY ELEMENTS (KOHA)
Koha item type Books
Holdings
Τύπος τεκμηρίου Βιβλιοθήκη Τρέχουσα τοποθεσία Barcode Αριθμός εισαγωγής Ημερομηνία απόκτησης Ταξιθετικό σύμβολο Αριθμός αντιτύπου Κατάσταση απόσυρσης Κατάσταση χαμένου Κατάσταση κατεστραμμένου Μη δανεισμός Σύνολο δανεισμών Ημερομηνία τελευταίας εμφάνισης Η τιμή ισχύει από
Books MC Athens Campus Library MC Athens Campus Library 9780000040114 3574 05/06/2025 808/.066/6021 SHE 1           05/06/2025 05/06/2025

MC Athens Campus Library
Πατησίων 94 & Κοδριγκτώνος 13, 104 34
Πελλήνης 8 & Πατησίων 107, 112 51
Τ: +30 210 8899600

MC Thessaloniki Campus Library
Ίωνος Δραγούμη 21, 54625 | Ίωνος Δραγούμη 15, 54625
Τ: +30 2310 287779 – Τ: +30 2314 440300